Classroom Assessment: What Teachers Need to Know (Record no. 24659)

MARC details
000 -LEADER
fixed length control field 00670nam a22002177a 4500
003 - CONTROL NUMBER IDENTIFIER
control field OSt
005 - DATE AND TIME OF LATEST TRANSACTION
control field 20260618094259.0
008 - FIXED-LENGTH DATA ELEMENTS--GENERAL INFORMATION
fixed length control field 260618b |||||||| |||| 00| 0 eng d
020 ## - INTERNATIONAL STANDARD BOOK NUMBER
International Standard Book Number 9780135569108
040 ## - CATALOGING SOURCE
Transcribing agency Chuka University Library
050 ## - LIBRARY OF CONGRESS CALL NUMBER
Classification number LB 3051
Item number .P6 2020 1
100 ## - MAIN ENTRY--PERSONAL NAME
Personal name Popham, W. James
9 (RLIN) 29933
245 ## - TITLE STATEMENT
Title Classroom Assessment: What Teachers Need to Know
250 ## - EDITION STATEMENT
Edition statement Ninth
260 ## - PUBLICATION, DISTRIBUTION, ETC.
Place of publication, distribution, etc. New York
Name of publisher, distributor, etc. Pearson
Date of publication, distribution, etc. 2020
300 ## - PHYSICAL DESCRIPTION
Extent 425p
Other physical details Colored Illustrations
650 ## - SUBJECT ADDED ENTRY--TOPICAL TERM
Topical term or geographic name entry element Educational tests and measurements
9 (RLIN) 11401
650 ## - SUBJECT ADDED ENTRY--TOPICAL TERM
Topical term or geographic name entry element Examinations Design and construction
9 (RLIN) 29694
650 ## - SUBJECT ADDED ENTRY--TOPICAL TERM
Topical term or geographic name entry element Examinations Validity
9 (RLIN) 29934
942 ## - ADDED ENTRY ELEMENTS (KOHA)
Source of classification or shelving scheme Library of Congress Classification
Koha item type Long Loan Books
Edition Ninth
Suppress in OPAC No
Holdings
Withdrawn status Lost status Source of classification or shelving scheme Damaged status Not for loan Collection Home library Current library Shelving location Date acquired Source of acquisition Cost, normal purchase price Total Checkouts Full call number Barcode Date last seen Copy number Price effective from Koha item type
    Library of Congress Classification     General Collection Books Main Campus Library Main Campus Library General Stacks 18/06/2026 Donations from Books for Africa 13040.07   LB 3051 .P6 2020 35198/2026 18/06/2026 1 18/06/2026 Long Loan Books

Powered by Koha